000 00951nam a2200229Ia 4500
003 IN-BaIIA
008 211028s9999 xx 000 0 eng d
020 _a3-540-63477-0
040 _cIIA Library
080 _a524.3-852(082.2)
_bSTE
111 _aLectures Stellar Atmospheres-Theory and Observations
_cBelgium
_d1996 Sept. 10-19
_922681
245 0 _aStellar atmospheres-theory and observations
_bLectures held at the Astrophysics School IX, Brussels, Belgium, 10-19 September 1996
_cedited by J. P. De Greve, R. Blomme and H. Hensberge
260 _aBerlin
_bSpringer-Verlag
_c1997
300 _axi, 352p.
490 _aLecture notes in physics; v. 497
650 _aStellar atmospheres
_91135
700 _aBlomme, R., ed.
_920698
700 _aDe Greve, J. P., ed.
_922682
700 _aHensberge, H., ed.
_922683
710 _aEuropean Astrophysics Doctoral Network (EADN)
_922684
942 _cBK
999 _c12923
_d12923